000
00266nam a2200109Ia 4500
008
200302s9999 xx 000 0 und d
100
_a
Stephen Calloway
245
_a
The Elements of Style
260
_b
Mitchell Beazley Publishers
260
_c
2002
300
_a
568 P.,
999
_c
2153
_d
2153